Tafseer Ibne Kaseer (Urdu) / (Record no. 187919)
[ view plain ]
| 000 -LEADER | |
|---|---|
| fixed length control field | 00452 a2200157 4500 |
| 003 - CONTROL NUMBER IDENTIFIER | |
| control field | NUST |
| 005 - DATE AND TIME OF LATEST TRANSACTION | |
| control field | 20221209154907.0 |
| 040 ## - CATALOGING SOURCE | |
| Transcribing agency | Nust |
| 082 ## - DEWEY DECIMAL CLASSIFICATION NUMBER | |
| Classification number | 297.1227,NOM |
| 100 ## - MAIN ENTRY--PERSONAL NAME | |
| Personal name | Nomani, Maulana Abdur Rasheed |
| 9 (RLIN) | 104575 |
| 245 ## - TITLE STATEMENT | |
| Title | Tafseer Ibne Kaseer (Urdu) / |
| Remainder of title | (Complete 5 volumes) |
| Statement of responsibility, etc. | Maulana Abdur Rasheed Nomani |
| 260 ## - PUBLICATION, DISTRIBUTION, ETC. | |
| Place of publication, distribution, etc. | New Delhi |
| Name of publisher, distributor, etc. | Aetiqad Publisher |
| 300 ## - PHYSICAL DESCRIPTION | |
| Extent | 128; p |
| 650 ## - SUBJECT ADDED ENTRY--TOPICAL TERM | |
| Topical term or geographic name entry element | Tafseer ul Quran |
| 9 (RLIN) | 104576 |
| 942 ## - ADDED ENTRY ELEMENTS (KOHA) | |
| Source of classification or shelving scheme | |
| Koha item type | Book |
| Call number prefix | 297.1227,NOM |
| Withdrawn status | Lost status | Source of classification or shelving scheme | Damaged status | Not for loan | Permanent Location | Current Location | Shelving location | Date acquired | Full call number | Barcode | Date last seen | Price effective from | Koha item type | Public note | Total Checkouts |
|---|---|---|---|---|---|---|---|---|---|---|---|---|---|---|---|
| Military College of Signals (MCS) | Military College of Signals (MCS) | General Stacks | 12/12/2016 | 297.1227,NOM | MCS28337 | 12/08/2016 | 12/12/2016 | Book | Almirah No.48, Shelf No.3 | ||||||
| Military College of Signals (MCS) | Military College of Signals (MCS) | General Stacks | 12/12/2016 | 297.1227,NOM | MCS28338 | 12/08/2016 | 12/12/2016 | Book | Almirah No.48, Shelf No.3 | ||||||
| Military College of Signals (MCS) | Military College of Signals (MCS) | General Stacks | 12/12/2016 | 297.1227,NOM | MCS28339 | 12/08/2016 | 12/12/2016 | Book | Almirah No.48, Shelf No.3 | ||||||
| Military College of Signals (MCS) | Military College of Signals (MCS) | General Stacks | 12/09/2022 | 297.1227,NOM | MCS28336 | 12/09/2022 | 12/09/2022 | Book | Almirah No.48, Shelf No.3 | ||||||
| Military College of Signals (MCS) | Military College of Signals (MCS) | General Stacks | 12/09/2022 | 297.1227,NOM | MCS28340 | 12/09/2022 | 12/09/2022 | Book | Almirah No.48, Shelf No.3 |
